| 000 | 00436nam a2200169Ia 4500 | ||
|---|---|---|---|
| 003 | GCL | ||
| 008 | 140319s9999 xx 000 0 eng d | ||
| 040 |
_aGCL / _cGCL |
||
| 082 | 0 | 4 |
_a296.61 _bF D |
| 100 | 1 | _aFEJTO, FRANCAIS | |
| 245 | 1 | 0 |
_aDIEU ET SON JUIF ESSAI HERETIQUE / _cFEJTO, FRANCAIS |
| 260 |
_a[S.N] : _bPIERRE HORAY ، _c1997 |
||
| 300 | _a160 P | ||
| 650 | 0 | 4 | _aRELIGION |
| 650 | 0 | 4 | _aISLAMIC - PROPHETS |
| 942 |
_2ddc _cBK |
||
| 999 |
_c16360 _d16360 |
||